Statistiques concernant Top 15 des pays avec les décès de Covid-19 - 6 avril 2022

Cliquez ici pour prendre le quiz!

Statistiques générales

  • Ce quiz a été pris 24 fois
  • Le résultat moyen est 12 sur 27

Statistiques - réponses

pays% Correct
États-Unis
100%
France
100%
Allemagne
91%
Italie
91%
Russie
91%
Brésil
86%
Royaume-Uni
86%
Mexique
77%
Inde
68%
Argentine
59%
Colombie
55%
Pologne
55%
Indonésie
41%
Iran
41%
Pérou
32%
Bosnie-Herzégovine
23%
Bulgarie
18%
Hongrie
18%
Lituanie
18%
Roumanie
18%
Croatie
9%
Lettonie
9%
Macédoine du Nord
9%
Slovaquie
9%
Slovénie
9%
Tchèquie
9%
Géorgie
5%

Distribution des résultats

Percentile par nombre de réponses

% des personnes avec chaque résultat

Votre développement - résultats

Vous n’avez pas pris ce quiz